02164njm a2200361Ia 450000100060000000300090000600500170001500800410003204000130007304000130008604100130009910000110011210000180012310000380014124500340017925000110021326000090022426000120023330000100024530000290025550000370028450503840032151100160070551100260072165000490074770001960079670001800099270001970117270001710136970000780154070000920161870000920171020986IT-RoPAU20220918181211.0131025s9999 xx 000 0 und d aIT-RoPAU cIT-RoPAU aITALIANO aAA.VV. eAutore musica gCodice autore musica SPICS: 12000 aLucia Rango Show (Lp Tlp 102) a1a ed. aROMA bSIBILLA aDISCO c39 minuti (Testo: pag.) aMusica leggera. Canzone italiana aSamba per un amore (3:00) - Il tuo volto (4:00) - Stasera resta qui (3:00) - Primavera a Roma (3:00) - Ti ho sognato (3:00) - Sono stanca (3:00) - Non chiedermi più (2:00) - Qualcuno tornerà (3:00) - Fino all'ultimo minuto (3:00) - Quando il giorno tornerà (3:00) - Hai lasciato a casa il tuo sorriso (3:00) - E dai (3:00) - L'angelo (3:00) - In una strada qualunque (3:00) aRango Lucia aOrchestra Elvio Monti aCANZONE [DISCHI]eCodice MATERIA SPICS: 9950 aMonti ElviogCodice autore musica SPICS: 11030eAutore musicapSamba per un amore - Il tuo volto - Stasera resta qui - Primavera a Roma - Ti ho sognato - Sono stanca - In una strada qualunque aCiampi P.gCodice autore testo/musica SPICS: 24217eAutore testo/musicapSamba per un amore - Il tuo volto - Stasera resta qui - Primavera a Roma - Ti ho sognato - Sono stanca aLitalianogCodice autore musica SPICS: 24536eAutore musicapNon chiedermi più - Qualcuno tornerà - Fino all'ultimo minuto - Quando il giorno tornerà - Hai lasciato a casa il tuo sorriso aReverberi G.F.gCodice autore testo/musica SPICS: 24650eAutore testo/musicapFino all'ultimo minuto - Quando il giorno tornerà - Hai lasciato a casa il tuo sorriso aLemangCodice autore musica SPICS: 24147eAutore musicapE dai - L'angelo aPelleusgCodice autore testo/musica SPICS: 24144eAutore testo/musicapE dai - L'angelo aSciamanna R.gCodice autore musica SPICS: 24537eAutore musicapIn una strada qualunque